00935cam a2200241 a 450000100100000000500170001000800410002704000290006808200150009710000380011224500750015026001180022530000170034350000450036050500280040558600340043365000180046765000350048591000330052004900090055395201140056299900170067600001915620200929165933.0771014s1954 sp 001 0 spa d aDO-SdBNPbspacLCdBNPHU ann*bP438t1 aPereña Vicente, Luciano.94123010aTeoría de la guerra en Francisco Suarez /cLuciano Pereña Vicente. aMadrid, (España) :bConsejo Superior de Investigaciones Científicas, Instituto "Francisco de Vitoria",c1954. av. ;c25 cm. aLa biblioteca sólo posee el volumen 2.0 gv. 2.tTexto crítico. aPremio Menendez Pelayo, 1951. 4aGuerra934555 4aWar (international law)941231 aCatalogación derivada / LC aBNGR 001054708MOaGRbGRcCTd2010-05-27iLF1l0ov. 2p19156-10r2020-06-25w2020-06-25y4ZPréstamo en sala c18674d18674